Catalog

Record Details

Catalog Search



Death note. Whiteout / story by Tsugumi Ohba ; art ... Read More

Ōba, Tsugumi.(Author).
Obata, Takeshi, 1969-(Added Author). Kirsch, Alexis.(Added Author).

Available copies

  • 0 of 1 copy available at LARL/NWRL Consortium.

Current holds

0 current holds with 1 total copy.

Show Only Available Copies
Location Call Number / Copy Notes Barcode Shelving Location Status Due Date
Detroit Lakes Public Library Y G OHB (Text) 33500013667852 Main Checked out 05/23/2026

Record details

  • ISBN: 9781421506265
  • ISBN: 1421506262
  • Physical Description: 196 p. : chiefly ill. ; 19 cm.
  • Edition: Shonen Jump advanced manga ed.
  • Publisher: San Francisco : Viz Media, 2006

Content descriptions

General Note:
Translated from the Japanese.
"First published in Japan in 2003 by Shueisha, Inc., Tokyo"--P. facing t.p.
"This book reads from right to left"--Cover p. [4].
Summary, etc.:
L asks Light, though he is still under suspicion, ... Read More
Subject: Death > Fiction.
Criminals > Fiction.
Students > Fiction.
United States. Federal Bureau of Investigation > Fiction.
Good and evil > Fiction.
Genre: Fantasy comic books, strips, etc.
Graphic novels.
LDR 01777nam a2200409Ka 4500
00170881
003LARL_NWRL_CONSORTIUM
00520220901201116.0
008060501s2006 caua 000 c eng d
020 . ‡a9781421506265
020 . ‡a1421506262
035 . ‡a(OCoLC)68001300
1001 . ‡aŌba, Tsugumi. ‡0(LARL_NWRL_CONSORTIUM)197715
24510. ‡aDeath note. ‡pWhiteout / ‡cstory by Tsugumi Ohba ; art by Takeshi Obata ; [translation & adaptation, Alexis Kirsch ; touch-up art & lettering, Gia Cam Luc].
2463 . ‡aDeathnote. ‡pWhiteout
2463 . ‡aWhiteout
250 . ‡aShonen Jump advanced manga ed.
260 . ‡aSan Francisco : ‡bViz Media, ‡c2006
300 . ‡a196 p. : ‡bchiefly ill. ; ‡c19 cm.
4900 . ‡aDeath note; ‡v5
4900 . ‡aShonen Jump advanced ; ‡v5
500 . ‡aTranslated from the Japanese.
500 . ‡a"First published in Japan in 2003 by Shueisha, Inc., Tokyo"--P. facing t.p.
500 . ‡a"This book reads from right to left"--Cover p. [4].
520 . ‡aL asks Light, though he is still under suspicion, to join the taskforce and help locate the second Kira. Light agrees so he can access the taskforce resources, but when he finally meets the new Kira, she's not at all what he expects.
650 0. ‡aDeath ‡vFiction. ‡0(LARL_NWRL_CONSORTIUM)164548
650 0. ‡aCriminals ‡vFiction. ‡0(LARL_NWRL_CONSORTIUM)171663
650 0. ‡aStudents ‡vFiction. ‡0(LARL_NWRL_CONSORTIUM)175319
61010. ‡aUnited States. ‡bFederal Bureau of Investigation ‡vFiction.
650 0. ‡aGood and evil ‡vFiction. ‡0(LARL_NWRL_CONSORTIUM)165509
655 0. ‡aFantasy comic books, strips, etc.
655 0. ‡aGraphic novels.
7001 . ‡aObata, Takeshi, ‡d1969- ‡0(LARL_NWRL_CONSORTIUM)197714
7001 . ‡aKirsch, Alexis. ‡0(LARL_NWRL_CONSORTIUM)195057
901 . ‡a70881 ‡bOCLC ‡c70881 ‡tbiblio

Additional Resources